Country Names in Swiss German - Statistics

General Stats
  • This quiz has been taken 242 times
  • The average score is 14 of 15
Answer Stats
Hint Answer % Correct
Amerika United States
100%
Ouschtralie Australia
99%
Dütschland Germany
99%
Schwede Sweden
99%
Ängland United Kingdom
99%
Tschile Chile
98%
Frankrich France
97%
Schwiz Switzerland
97%
Schpanie Spain
94%
Ägüpte Egypt
90%
Wiissrussland Belarus
87%
Dschamaika Jamaica
86%
Eschtland Estonia
79%
Nöiseland New Zealand
79%
Züpere Cyprus
73%
No matching quizzes found
Score Distribution
Percent of People with Each Score
Percentile by Number Answered
Your Score History
You have not taken this quiz